| Tag |
First Indicator |
Second Indicator |
Subfields |
| LEADER |
00000cam a2200000 a 4500 |
| 001 |
in00001407086 |
| 005 |
20151020073122.0 |
| 008 |
970623s1998 nyu 000 1 eng |
| 010 |
|
|
|a 97018179
|
| 020 |
|
|
|a 0805051635 (alk. paper)
|
| 035 |
|
|
|a (OCoLC)37201237
|
| 035 |
|
|
|9 AHQ4057AM
|
| 040 |
|
|
|a DLC
|c DLC
|d TXA
|d UtOrBLW
|
| 049 |
|
|
|a TXAM
|
| 050 |
0 |
0 |
|a PS3557.R3784
|b W48 1998
|
| 082 |
0 |
0 |
|a 813/.54
|2 21
|
| 100 |
1 |
|
|a Greenberg, Joanne.
|
| 245 |
1 |
0 |
|a Where the road goes :
|b a novel /
|c Joanne Greenberg.
|
| 250 |
|
|
|a 1st ed.
|
| 264 |
|
1 |
|a New York :
|b Henry Holt,
|c 1998.
|
| 300 |
|
|
|a 341 pages ;
|c 22 cm.
|
| 336 |
|
|
|a text
|b txt
|2 rdacontent
|
| 337 |
|
|
|a unmediated
|b n
|2 rdamedia
|
| 338 |
|
|
|a volume
|b nc
|2 rdacarrier
|
| 650 |
|
0 |
|a Families
|v Fiction.
|
| 655 |
|
7 |
|a Epistolary fiction.
|2 gsafd
|
| 655 |
|
7 |
|a Diary fiction.
|2 lcgft
|
| 948 |
|
|
|a c:ce
|
| 999 |
|
|
|a MARS
|
| 999 |
f |
f |
|s c667a72d-b3dc-390e-8418-a829bbbaf75c
|i 81ae2e9d-3737-312d-b133-a986c7733f55
|t 0
|
| 952 |
f |
f |
|p ric
|a Texas A&M University
|b Rellis Campus
|c Joint Library Facility
|d Remote Storage
|t 0
|e PS3557.R3784 W48 1998
|h Library of Congress classification
|i unmediated -- volume
|m A14823345599
|
| 998 |
f |
f |
|a PS3557.R3784 W48 1998
|t 0
|l Remote Storage
|